01068cam a2200277 a 4500999001700000001000900017005001700026008004100043010001700084020002500101020002200126040001300148050002200161100002600183245012300209250001200332260003700344300002800381500003500409504005100444650006800495730004400563906004500607942003200652952010600684 c25937d259371468943520170201152332.0070109s2006 nyu b 001 0 eng  a 2007270818 a9780393927085 (pbk.) a0393927083 (pbk.) aDLCcDLC00aPR51.U5bA73 20061 aArchimedes, Sondra M.10aTeaching with the Norton anthology of English literature :ba guide for instructors /cSondra Archimedes ... [et al.]. a8th ed. aNew York :bW.W. Norton,cc2006. axxiii, 774 p. ;c24 cm. a"Major Authors 8th ed"--Cover. aIncludes bibliographical references and index. 0aEnglish literaturexStudy and teaching (Higher)zUnited States.0 aNorton anthology of English literature. a7bcbccorignewd2encipf20gy-gencatlg 2lcccBOOKShPR 51 .A73 2006 00102lcc4070aMUCbMUCcTECHd2017-02-01l0oPR 51 .A73 2006p32969r2018-07-10w2017-02-01yBOOKS